| 000 | 01163cam a2200373 a 4500 | ||
|---|---|---|---|
| 001 | 5938 | ||
| 003 | FISKH | ||
| 005 | 20250210112039.0 | ||
| 008 | 040706s2004 nyuab b 000 1 eng d | ||
| 010 | _a 2004301113 | ||
| 020 | _a0439559650 (pbk.) | ||
| 020 | _a9780439559652 | ||
| 035 | _a(OCoLC)ocm54483435 | ||
| 040 |
_aUPZ _cUPZ _dDLC _beng |
||
| 041 | 1 |
_aeng _hita |
|
| 042 |
_alcac _alccopycat |
||
| 050 | _a PZ7 .C268776 | ||
| 082 | _a 853.92 | ||
| 100 |
_aStilton, Geronimo _d(1958-) |
||
| 245 | 0 | 0 |
_aCat and mouse in a haunted house / _cGeronimo Stilton |
| 250 | _aThis edition first published in 2000 | ||
| 260 |
_aNew York : _bScholastic, _c2004. |
||
| 300 |
_a113 pages : _bcolor illustrations ; _c20 cm. |
||
| 505 | _aG | ||
| 520 | _aGeronimo explores a haunted mansion populated by ghosts. | ||
| 521 |
_a410
_bLexile |
||
| 521 |
_aG
_bRaz-Plus |
||
| 650 | 0 |
_aMice _vJuvenile fiction. |
|
| 650 | 0 |
_aAnimals _vJuvenile fiction. |
|
| 856 | 4 | 2 |
_3Publisher description _uhttp://www.loc.gov/catdir/description/schol051/2004301113.html |
| 906 |
_a7 _bcbc _ccopycat _d2 _encip _f20 _gy-gencatlg |
||
| 942 |
_2ddc _cBK _n0 |
||
| 999 |
_c5938 _d5938 |
||